000 01158nam a22002777a 4500
003 DO-SdBNP
005 20260216104103.0
007 ta
008 220113b1998 a|||e |||| 001 0 spa d
040 _aDO-SdBNP
_bspa
_cBNPHU
082 4 _222
_a347.05
_bR426p
110 _aRepública Dominicana.
_bProcuraduría General de la República
_980954
245 1 0 _aProceso judicial :
_bexpedicionarios de Luperón, 1949 /
_cAbel Rodríguez del Orbe . editores Bonaparte Gautreaux Piñeyro, Ysmael Paniagua Gurrero.
260 _aSanto Domingo :
_bProcuraduría General de la República,
_c1998.
300 _a v. :
_bil. ;
_c27 cm
490 _aColección Procesos No.1,
_vv.1
590 _aInventariado, 2022 / SA
650 4 _aProcesos
_xDerecho
_zRepública Dominicana
_980925
650 4 _aProcesos
_xCausas célebres
_zRepública Dominicana
_980923
650 4 0 _a Proceso judicial
_980924
700 1 _921525
_aRodríguez del Orbe, Abel
_eProcurador General de la República
700 1 _aGautreaux Piñeyro, Bonaparte. Paniagua Gurrero, Ysmael
_e editores
_980928
830 _nColección Procesos 1
_980955
910 _aSaquino
942 _2ddc
_cLBS1
999 _c51159
_d51159